|
|
|
|
| LEADER |
00855cam a2200229 7i4500 |
| 001 |
0000003803 |
| 005 |
20190227090000.0 |
| 020 |
|
|
|a 9780314098733 (pbk.)
|
| 020 |
|
|
|a 0314098739 (pbk.)
|
| 090 |
0 |
0 |
|a QA76.5
|b .M36 1997
|
| 100 |
1 |
|
|a Mandell, Steven
|
| 245 |
1 |
0 |
|a Computing today
|c Steven Mandell.
|
| 260 |
|
|
|a Cincinnati:
|b South-Western Educational Pub.,
|c 1997.
|
| 300 |
|
|
|a xvi, 544 p.:
|b col. ill.;
|c 28 cm.
|
| 500 |
|
|
|a Includes index
|
| 650 |
0 |
0 |
|a Electronic data processing
|
| 650 |
0 |
0 |
|a Computers
|
| 997 |
|
|
|a Communication, Visual Art & Computing, Faculty
|b Computing, Department
|
| 999 |
|
|
|a 0000003784
|b BOK
|c OPEN SHELF
|e 2nd Floor, Bestari Jaya
|
| 999 |
|
|
|a 0000003785
|b BOK
|c OPEN SHELF
|e 2nd Floor, Bestari Jaya
|
| 999 |
|
|
|a 0000003786
|b BOK
|c OPEN SHELF
|e 2nd Floor, Bestari Jaya
|
| 999 |
|
|
|a 0000003787
|b BOK
|c OPEN SHELF
|e 2nd Floor, Bestari Jaya
|